00280nam a2200121Ia 4500003000400000005001700004008004100021020001900062040001000081100001700091245003500108260001500143OSt20240319123240.0170523s9999 xx 000 0 und d a978-1904842682 ciimtu aKirkby- L.A. 0aPhysics : A Student Companion aViva Books